Работа на переносных мотопомпах отечественного и зарубежного производства Учебное пособие
Данное учебное пособие предназначено для использования в учебном процессе образовательных организаций подведомственных системе МЧС России в деятельности пожарно-спасательных формирований пожарных подразделений независимо от форм собственности и ведомственной принадлежности добровольных пожарных форм...
Guardat en:
| Autor principal: | |
|---|---|
| Format: | Учебное пособие |
| Accés en línia: | https://znanium.com/catalog/document?id=353768 https://znanium.com/cover/1082/1082173.jpg |
| Etiquetes: |
Afegir etiqueta
Sense etiquetes, Sigues el primer a etiquetar aquest registre!
|
| LEADER | 03885nam0a2200277 i 4500 | ||
|---|---|---|---|
| 001 | RU\infra-m\znanium\bibl\1082173 | ||
| 003 | https://znanium.com/catalog/document?id=353768 | ||
| 005 | 20220505000000.0 | ||
| 100 | |a 20220505d2020 m y0rusy0150 ca | ||
| 101 | 0 | |a rus | |
| 102 | |a RU | ||
| 200 | 1 | |a Работа на переносных мотопомпах отечественного и зарубежного производства |e Учебное пособие |f Сибирская пожарно-спасательная академия | |
| 210 | 1 | |a Железногорск |c ФГБОУ ВО Сибирская пожарно-спасательная академия ГПС МЧС России |d 2017 | |
| 215 | |a 37 с. | ||
| 330 | |a Данное учебное пособие предназначено для использования в учебном процессе образовательных организаций подведомственных системе МЧС России в деятельности пожарно-спасательных формирований пожарных подразделений независимо от форм собственности и ведомственной принадлежности добровольных пожарных формирований. Учебное пособие обобщает и объединяет материал из различных технических источников и позволяет изучить устройство эксплуатацию современных отечественных и зарубежных переносных мотопомп и их аналогов так как они экономичны и производительны и оставили далеко позади все отечественные образцы прошлых лет. В результате изучения настоящего пособия обучающийся должен: знать: - требования безопасности при несении караульной службы эксплуатации и техническом обслуживании переносных пожарных мотопомп имеющихся на вооружении в подразделении тушении пожаров и проведении связанных с ними первоочередных аварийно-спасательных работ; - служебные обязанности при несении караульной службы; - устройство переносных пожарных мотопомп. уметь: - применять переносные пожарные мотопомпы и пожарно-техническое вооружение при тушении пожаров и проведении аварийно-спасательных работ; - оказывать первую помощь пострадавшим. | ||
| 333 | |a ВО - Специалитет | ||
| 606 | |a Военное дело. Оружие. Спецслужбы |x Служба чрезвычайных ситуаций |2 local | ||
| 608 | |a Учебное пособие |2 local | ||
| 675 | |a 6148 |z rus | ||
| 686 | |a 689 |2 rubbk | ||
| 686 | |a 20.05.01 |2 okso | ||
| 686 | |a 20.06.01 |2 okso | ||
| 700 | 1 | |a Минлигалин |b Е.А. |g Евгений Анатольевич |p Сибирская пожарно-спасательная академия | |
| 801 | 0 | |a RU |b Общество с ограниченной ответственностью «ЗНАНИУМ» |c 20200110 |2 rusmarc | |
| 856 | 4 | |a znanium.com |m ebs_support@infra-m.ru |n НИЦ ИНФРА-М |u https://znanium.com/catalog/document?id=353768 | |
| 856 | 4 | 1 | |a znanium.com |d /cover/1082 |f 1082173.jpg |q image/jpeg |u https://znanium.com/cover/1082/1082173.jpg |